| 000 | 01063nam a2200253 a 4500 | ||
|---|---|---|---|
| 001 | BRL_373 | ||
| 005 | 20190320210717.0 | ||
| 008 | 050813s1955----gw-#######---#000-0#eng-# | ||
| 041 | _aeng | ||
| 044 | _agw | ||
| 050 | 4 |
_aF1219 _b.T44 1955 |
|
| 100 | 1 |
_aBurland, Cottie A. _d1905-1983 _q(Cottie Arthur) _923694 |
|
| 245 | 1 | 0 |
_aThe Selden Rolle _ban Acient Mexican picture manuscript in the Bodleian library at Oxford _cDescriptive Commentary by Cottie A. Burland, F.R.A.L, With a bibliography compiled by Gerdt Kutscher |
| 260 |
_aBerlin _bVerlag Gebr. Mann _c1955 |
||
| 300 |
_a50 p. _bil. _c32 p. _e1 folleto |
||
| 440 | 0 |
_aMonumenta Americana _v2 _923695 |
|
| 500 | _aDie Selden Rolle; eine altmexikanische Bilderhandschrift in der Bodleian Library zu Oxford. Gekürzt aus dem Englischen übersetzt von Gerdt Kutscher (15 p. 21 cm.), dentro del libro | ||
| 500 | _aAu352 | ||
| 504 | _aIncluye bibliografía p. 43-50 | ||
| 650 | 1 | 4 |
_aManuscritos mexicanos _xFacsímiles _95310 |
| 651 | 4 |
_aMéxico _xHistoria _yHasta 1519 _99704 |
|
| 902 | _aGRL | ||
| 942 |
_2lcc _cB |
||
| 999 |
_c9186 _d9186 |
||